000 00418nam a2200169Ia 4500
005 20250507125951.0
008 008 250505s9999 xx 000 0 eng d
037 _aBound Volumes
040 _aEASL
_beng
_cEASL
041 _aeng
_2eng
084 _qEASL
245 0 _aEastern Horizon
260 _aChina
_bHong Kong Eastern Horizon Pre
490 _v16
942 _cCR
999 _c1315714
_d1315714